[Event "25th ECh U20"]
[Site "Tallinn EST"]
[Date "1997.09.12"]
[Round "3"]
[White "Agopov, Mikael"]
[Black "Kelly, Brian"]
[Result "1/2-1/2"]
[WhiteElo "2300"]
[BlackElo "2390"]
[EventDate "1997.09.10"]
[PlyCount "100"]

1.e4 e6 2.d4 d5 3.Nd2 c5 4.exd5 Qxd5 5.Ngf3 cxd4 6.Bc4 Qd6 7.O-O Nf6 8.Nb3
Nc6 9.Nbxd4 Nxd4 10.Nxd4 a6 11.b3 Qc7 12.Bb2 Be7 13.Nf3 b5 14.Bd3 Bb7 15.
Ne5 O-O 16.Rc1 Rad8 17.c4 Qa5 18.Qc2 bxc4 19.bxc4 Qc5 20.Qc3 Rfe8 21.Bb1 
Qb4 22.Qxb4 Bxb4 23.c5 Bd5 24.a3 Bd2 25.Bd3 Bxc1 26.Rxc1 Rb8 27.Bd4 a5 28.
c6 Rec8 29.Ba7 Rb3 30.c7 Rb7 31.Bb8 Rbxb8 32.cxb8=Q Rxb8 33.f3 g6 34.Rc5 
a4 35.Ra5 Bb3 36.Ra7 Rd8 37.Be2 Rd2 38.Kf1 Nd5 39.Nxf7 Ne3+ 40.Kf2 Nf5 41.
Ke1 Ra2 42.Ng5 Nd4 43.Bd3 Rxg2 44.h4 h6 45.Ne4 Nxf3+ 46.Kf1 Rh2 47.Nf6+ 
Kf8 48.Rd7 Nd2+ 49.Kg1 Nf3+ 50.Kf1 Nd2+ 1/2-1/2

[Event "25th ECh U20"]
[Site "Tallinn EST"]
[Date "1997.09.12"]
[Round "3"]
[White "Zhitin, Juri"]
[Black "Menkinovski, Riste"]
[Result "1-0"]
[WhiteElo "2215"]
[BlackElo "2195"]
[EventDate "1997.09.10"]
[PlyCount "81"]

1.d4 Nf6 2.c4 g6 3.Nc3 Bg7 4.e4 d6 5.Be2 O-O 6.Nf3 e5 7.d5 a5 8.Bg5 h6 9.
Bh4 Na6 10.Nd2 Qe8 11.O-O Nh7 12.a3 h5 13.f3 Bd7 14.b3 Bh6 15.Bf2 Qd8 16.
Qc2 Qg5 17.Rfd1 Bh3 18.Bf1 h4 19.Kh1 Bd7 20.Rab1 Nf6 21.b4 axb4 22.axb4 
Nh5 23.Ne2 f5 24.c5 h3 25.g3 Qe7 26.Bxh3 fxe4 27.Bxd7 Qxd7 28.Qxe4 Kh7 29.
Be3 Bxe3 30.Qxe3 dxc5 31.bxc5 Qxd5 32.Ne4 Qc6 33.Ng5+ Kg8 34.Qb3+ Kh8 35.
Qxb7 Qf6 36.h4 Rab8 37.Qd5 Rbd8 38.Qxd8 Rxd8 39.Rxd8+ Kg7 40.Rd7+ Kg8 41.
Rbd1 1-0

[Event "25th ECh U20"]
[Site "Tallinn EST"]
[Date "1997.09.12"]
[Round "3"]
[White "Grotz, Harald"]
[Black "Jakupovic, Neven"]
[Result "0-1"]
[WhiteElo "2245"]
[BlackElo "2090"]
[EventDate "1997.09.10"]
[PlyCount "82"]

1.e4 c6 2.d4 d5 3.Nd2 dxe4 4.Nxe4 Nd7 5.Bc4 Ngf6 6.Ng5 Nd5 7.N1f3 h6 8.Ne4
N7f6 9.Nxf6+ exf6 10.O-O Be7 11.Bb3 Be6 12.c4 Nb6 13.Qe2 a5 14.a3 a4 15.
Ba2 Qd7 16.Be3 Nc8 17.Rfd1 Nd6 18.Rac1 O-O 19.h3 b5 20.d5 cxd5 21.cxd5 Bf5
22.Rc6 Rab8 23.Rdc1 Rb7 24.Bf4 Re8 25.Nd4 Bf8 26.Qf3 Bg6 27.Qg3 Rd8 28.Qc3
Kh7 29.Qa5 Nc4 30.Bxc4 bxc4 31.d6 Rxb2 32.R1xc4 Rb1+ 33.Kh2 Be4 34.Qxa4 
Rh1+ 35.Kg3 Bxg2 36.Qc2+ g6 37.f3 Qxh3+ 38.Kf2 Rf1+ 39.Ke3 Bxf3 40.Nxf3 
Qxf3+ 41.Kd4 Qxf4+ 0-1

[Event "25th ECh U20"]
[Site "Tallinn EST"]
[Date "1997.09.12"]
[Round "3"]
[White "Rylander, Dennis"]
[Black "Pandars, Maris"]
[Result "1/2-1/2"]
[WhiteElo "2100"]
[BlackElo "2205"]
[EventDate "1997.09.10"]
[PlyCount "123"]

1.d4 Nf6 2.c4 c5 3.d5 e6 4.Nc3 exd5 5.cxd5 Bd6 6.Nf3 Bc7 7.g3 d6 8.Bg2 O-O
9.O-O a6 10.a4 Nbd7 11.e4 Re8 12.Qd3 Rb8 13.Re1 Nf8 14.b3 Ng6 15.h3 Bd7 
16.Bb2 Qc8 17.Kh2 b5 18.axb5 axb5 19.Nd1 Ra8 20.Bxf6 gxf6 21.Rxa8 Qxa8 22.
Ne3 Qa5 23.h4 Bd8 24.Rf1 Qb4 25.h5 Ne5 26.Nxe5 fxe5 27.Bh3 Bxh3 28.Kxh3 
Bg5 29.Nf5 c4 30.bxc4 bxc4 31.Qc2 Rb8 32.f4 exf4 33.gxf4 Qa3+ 34.Ng3 Rb3 
35.Qg2 Bf6 36.Rf2 Kf8 37.Kg4 c3 38.Ra2 Rb2 39.Rxa3 Rxg2 40.e5 dxe5 41.Rxc3
exf4 42.Rc8+ Ke7 43.Kxf4 h6 44.Ne4 Kd7 45.Rb8 Be7 46.Rb7+ Ke8 47.d6 Bd8 
48.Ke5 Ra2 49.Nf6+ Bxf6+ 50.Kxf6 Ra6 51.Re7+ Kd8 52.Kxf7 Rxd6 53.Re1 Rd7+ 
54.Kg6 Re7 55.Rd1+ Ke8 56.Kxh6 Kf7 57.Rd5 Kg8 58.Rd8+ Kf7 59.Rh8 Re5 60.
Rc8 Rd5 61.Rc7+ Kg8 62.Rb7 1/2-1/2

[Event "25th ECh U20"]
[Site "Tallinn EST"]
[Date "1997.09.12"]
[Round "3"]
[White "Andrade, Jose Veira"]
[Black "Ooms, Andy"]
[Result "0-1"]
[WhiteElo "2100"]
[BlackElo "2170"]
[EventDate "1997.09.10"]
[PlyCount "79"]

1.e4 c5 2.Nf3 e6 3.d4 cxd4 4.Nxd4 Nc6 5.c4 Nf6 6.Nc3 Bb4 7.Nxc6 bxc6 8.Bd3
e5 9.O-O O-O 10.a3 Be7 11.Be3 d6 12.h3 Qc7 13.Rc1 Rd8 14.Qf3 Be6 15.b4 Qb7
16.Rfd1 Nd7 17.Ne2 Nf6 18.Nc3 Nd7 19.g4 Nb6 20.Ne2 d5 21.c5 d4 22.Bd2 Nd7 
23.Ng3 a5 24.Nf5 Bf8 25.Kh2 axb4 26.axb4 Ra3 27.Qe2 Rda8 28.Rb1 Ba2 29.Ra1
Bb3 30.Rxa3 Bxd1 31.Qxd1 Rxa3 32.Qc2 Qa8 33.Bc4 Qa4 34.Qb2 Nf6 35.Nd6 Bxd6
36.cxd6 Qa8 37.Qc2 Qb8 38.g5 Ne8 39.Bc1 Rc3 40.Qa2 0-1

[Event "25th ECh U20"]
[Site "Tallinn EST"]
[Date "1997.09.13"]
[Round "4"]
[White "Tyomkin, Dimitri"]
[Black "Banikas, Hristos"]
[Result "1/2-1/2"]
[WhiteElo "2390"]
[BlackElo "2450"]
[EventDate "1997.09.10"]
[PlyCount "28"]

1.d4 Nf6 2.Nf3 g6 3.Bg5 Bg7 4.Nbd2 O-O 5.c3 d6 6.e4 Qe8 7.Be2 e5 8.dxe5 
dxe5 9.O-O h6 10.Bh4 Nh5 11.Re1 Nd7 12.Qc2 Nc5 13.b4 Ne6 14.Nc4 Nef4 
1/2-1/2

[Event "25th ECh U20"]
[Site "Tallinn EST"]
[Date "1997.09.13"]
[Round "4"]
[White "Rowson, Jonathan"]
[Black "Marzolo, Cyril"]
[Result "1-0"]
[WhiteElo "2490"]
[BlackElo "2320"]
[EventDate "1997.09.10"]
[PlyCount "117"]

1.c4 e5 2.Nc3 Bb4 3.g3 Ne7 4.Bg2 O-O 5.Nf3 Bxc3 6.dxc3 Nbc6 7.c5 d5 8.cxd6
cxd6 9.e4 d5 10.exd5 Nxd5 11.O-O Nb6 12.Qe2 f6 13.a4 Be6 14.Rd1 Qc7 15.a5 
Nc4 16.a6 b6 17.Nd4 Nxd4 18.cxd4 Rac8 19.d5 Bf5 20.b3 Nd6 21.Ba3 Bd7 22.
Qd2 Rfe8 23.Bf1 e4 24.Rac1 Qb8 25.Rxc8 Rxc8 26.Qb4 Rc5 27.Qe1 Rc2 28.Rc1 
Rxc1 29.Bxc1 Qe8 30.Qb4 Nf5 31.Qc3 Qh5 32.Bf4 Qd1 33.Qc1 Qxc1 34.Bxc1 Nd4 
35.Bf4 Bc8 36.Bb8 b5 37.d6 Kf7 38.d7 Bxd7 39.Bxa7 Nf3+ 40.Kh1 Nd2 41.Be2 
Nxb3 42.Be3 Bc6 43.a7 Ke7 44.Bxb5 Ba8 45.Bc4 Na5 46.Bg8 Kd6 47.Kg2 h6 48.
h4 Nc6 49.Kf1 Ne7 50.Ba2 g5 51.h5 Nf5 52.Bc1 Ke7 53.Ba3+ Nd6 54.Ke1 Kd7 
55.Kd2 Nf5 56.g4 Nd4 57.Bb2 Nf3+ 58.Ke3 Nh2 59.Kd4 1-0

[Event "25th ECh U20"]
[Site "Tallinn EST"]
[Date "1997.09.13"]
[Round "4"]
[White "Bakhtadze, Giorgi"]
[Black "Rabinovich, Alexander"]
[Result "0-1"]
[WhiteElo "2365"]
[BlackElo "2415"]
[EventDate "1997.09.10"]
[PlyCount "64"]

1.e4 e6 2.d3 d5 3.Qe2 dxe4 4.dxe4 b6 5.Nf3 Ba6 6.c4 c5 7.Nc3 Ne7 8.Bf4 Ng6
9.Rd1 Qc8 10.Bc1 Be7 11.h4 Nc6 12.g3 O-O 13.b3 Bf6 14.Bb2 Nd4 15.Nxd4 cxd4
16.Nb5 Bxb5 17.cxb5 Rd8 18.Bg2 Rb8 19.O-O d3 20.Rxd3 Rxd3 21.Bxf6 Qd7 22.
Ba1 f6 23.h5 Ne5 24.h6 Rd2 25.Qh5 Qf7 26.Qh3 Rc8 27.f4 Nd3 28.hxg7 Rcc2 
29.Bf3 Qe7 30.Qh5 e5 31.b4 Rxa2 32.Qf5 Rac2 0-1

[Event "25th ECh U20"]
[Site "Tallinn EST"]
[Date "1997.09.13"]
[Round "4"]
[White "Hunt, Harriet"]
[Black "Hnydiuk, Aleksander"]
[Result "1-0"]
[WhiteElo "2360"]
[BlackElo "2375"]
[EventDate "1997.09.10"]
[PlyCount "71"]

1.e4 c5 2.Nf3 d6 3.d4 cxd4 4.Nxd4 Nc6 5.Nc3 Qc7 6.f4 e6 7.Nxc6 bxc6 8.Bd3 
d5 9.O-O Nf6 10.Qe2 Be7 11.b3 a5 12.Kh1 dxe4 13.Nxe4 Nxe4 14.Qxe4 Ba6 15.
c4 Bf6 16.Rb1 Bb7 17.c5 Ba6 18.Bxa6 Rxa6 19.Bb2 Bxb2 20.Rxb2 O-O 21.Rd2 
Rd8 22.Qe5 Qe7 23.Rfd1 Raa8 24.h3 h6 25.Rd6 Kf8 26.Qe4 Rxd6 27.cxd6 Qf6 
28.Qxc6 Rd8 29.Qc7 g5 30.fxg5 hxg5 31.Qxa5 g4 32.hxg4 Kg7 33.Kg1 e5 34.d7 
e4 35.Qc5 Qe6 36.Qg5+ 1-0

[Event "25th ECh U20"]
[Site "Tallinn EST"]
[Date "1997.09.13"]
[Round "4"]
[White "Johansen, Terje"]
[Black "Stocek, Jiri"]
[Result "1-0"]
[WhiteElo "2210"]
[BlackElo "2470"]
[EventDate "1997.09.10"]
[PlyCount "93"]

1.d4 Nf6 2.c4 e6 3.Nc3 Bb4 4.Qc2 O-O 5.a3 Bxc3+ 6.Qxc3 b6 7.Bg5 c5 8.dxc5 
bxc5 9.e3 d6 10.Bd3 Nbd7 11.Ne2 Rb8 12.Rd1 h6 13.Bh4 Ne4 14.Bxe4 Qxh4 15.
Bc2 Qf6 16.b3 Rb6 17.O-O Qe7 18.Rd2 Bb7 19.Rfd1 Nf6 20.f3 d5 21.Qe5 Re8 
22.Nc3 Qd8 23.Qg3 Qc8 24.Nb5 e5 25.Nxa7 Qa8 26.Nb5 Rxb5 27.cxb5 Qxa3 28.
Qe1 Qb4 29.Qe2 e4 30.fxe4 Nxe4 31.Bxe4 Rxe4 32.Qd3 g6 33.Ra2 c4 34.bxc4 
dxc4 35.Qd8+ Kg7 36.Rf2 Qe7 37.Qb6 Rg4 38.h3 Re4 39.Rdf1 Bd5 40.Rd1 Qg5 
41.Qc5 Re5 42.Qd4 Kg8 43.b6 h5 44.e4 Bxe4 45.Qxc4 Bd5 46.Qc8+ Kg7 47.b7 
1-0

[Event "25th ECh U20"]
[Site "Tallinn EST"]
[Date "1997.09.13"]
[Round "4"]
[White "Janssen, Ruud"]
[Black "Zaveckis, Laurynas"]
[Result "1/2-1/2"]
[WhiteElo "2330"]
[BlackElo "2235"]
[EventDate "1997.09.10"]
[PlyCount "50"]

1.c4 Nf6 2.Nc3 e6 3.e4 Nc6 4.d4 d5 5.e5 Ne4 6.Nf3 Bb4 7.Qc2 f5 8.exf6 gxf6
9.Bd3 f5 10.O-O Be7 11.a3 Bf6 12.Bf4 Nxc3 13.bxc3 Ne7 14.cxd5 exd5 15.Bh6 
Qd6 16.Rfe1 Bd7 17.Bxf5 O-O-O 18.Bxd7+ Rxd7 19.Qd2 Ng6 20.a4 Rg8 21.Re2 
Rf7 22.Rae1 Qd7 23.a5 Ne7 24.Ne5 Bxe5 25.Rxe5 Rxg2+ 1/2-1/2

[Event "25th ECh U20"]
[Site "Tallinn EST"]
[Date "1997.09.13"]
[Round "4"]
[White "Pandars, Maris"]
[Black "Grotz, Harald"]
[Result "1-0"]
[WhiteElo "2205"]
[BlackElo "2245"]
[EventDate "1997.09.10"]
[PlyCount "77"]

1.e4 c5 2.f4 d5 3.Nc3 e6 4.Nf3 Nc6 5.Bb5 Ne7 6.exd5 exd5 7.Qe2 Qd6 8.O-O 
Bg4 9.Bxc6+ Qxc6 10.h3 Bxf3 11.Rxf3 O-O-O 12.Nb5 Qb6 13.a4 a6 14.Na3 Nc6 
15.c3 Bd6 16.d3 Rhe8 17.Re3 Rxe3 18.Qxe3 Rd7 19.Nc2 Qb3 20.Qf2 c4 21.d4 
Ne7 22.Ne3 Bc7 23.g3 Qb6 24.Ng4 f6 25.Nh2 Qe6 26.Kg2 Nf5 27.Bd2 Nd6 28.Re1
Ne4 29.Qe2 g5 30.Rf1 Qc6 31.Bc1 h6 32.Ng4 h5 33.Nf2 Re7 34.fxg5 Qe8 35.Qf3
Nxg3 36.gxf6 Re1 37.f7 Qxf7 38.Qxf7 Rxf1 39.Qe8+ 1-0

[Event "25th ECh U20"]
[Site "Tallinn EST"]
[Date "1997.09.13"]
[Round "4"]
[White "Jakupovic, Neven"]
[Black "Agopov, Mikael"]
[Result "0-1"]
[WhiteElo "2090"]
[BlackElo "2300"]
[EventDate "1997.09.10"]
[PlyCount "84"]

1.e4 c5 2.Nf3 Nc6 3.Bb5 e6 4.Bxc6 bxc6 5.d3 f6 6.O-O Be7 7.Nbd2 Nh6 8.Nc4 
Nf7 9.Ne3 d6 10.b3 O-O 11.c4 f5 12.exf5 Bf6 13.Rb1 exf5 14.Bb2 f4 15.Bxf6 
Qxf6 16.Nc2 Bg4 17.d4 Ng5 18.Nce1 Qg6 19.d5 Rae8 20.Nh4 Qh5 21.Nef3 Nxf3+ 
22.Nxf3 cxd5 23.Qxd5+ Qxd5 24.cxd5 Re2 25.a4 Rf5 26.Rfd1 Bxf3 27.gxf3 a5 
28.Re1 Rfe5 29.Kf1 Rxe1+ 30.Rxe1 Rxe1+ 31.Kxe1 Kf7 32.Ke2 Kf6 33.Kd3 Ke5 
34.Kc4 g5 35.Kb5 Kxd5 36.Kxa5 Kc6 37.b4 d5 38.b5+ Kb7 39.b6 d4 40.Kb5 d3 
41.a5 d2 42.a6+ Kb8 0-1

[Event "25th ECh U20"]
[Site "Tallinn EST"]
[Date "1997.09.13"]
[Round "4"]
[White "Menkinovski, Riste"]
[Black "Meyer, Harvey"]
[Result "1-0"]
[WhiteElo "2195"]
[BlackElo "2160"]
[EventDate "1997.09.10"]
[PlyCount "49"]

1.e4 c5 2.Nf3 e6 3.c3 d5 4.exd5 Qxd5 5.d4 Nf6 6.Be3 Ng4 7.Na3 Nxe3 8.fxe3 
Be7 9.Nb5 Na6 10.Bd3 Bd7 11.a4 O-O 12.O-O Bxb5 13.axb5 Nc7 14.Qc2 Qh5 15.
Ne5 Nd5 16.Rf3 f5 17.Raf1 Bg5 18.Nc4 Qh6 19.Qe2 b6 20.Rh3 Qf6 21.Ne5 Qe7 
22.g4 g6 23.gxf5 exf5 24.Bc4 Qd6 25.Qg2 1-0

[Event "25th ECh U20"]
[Site "Tallinn EST"]
[Date "1997.09.13"]
[Round "4"]
[White "Shishkov, Andrei"]
[Black "Rylander, Dennis"]
[Result "1-0"]
[WhiteElo "2230"]
[BlackElo "2100"]
[EventDate "1997.09.10"]
[PlyCount "49"]

1.d4 d5 2.c4 c6 3.Nc3 Nf6 4.cxd5 cxd5 5.Bf4 e6 6.e3 Nc6 7.Bd3 Bd6 8.Bxd6 
Qxd6 9.f4 Bd7 10.Rc1 Rc8 11.Nf3 O-O 12.O-O Na5 13.Ne5 Nc4 14.Qe2 Qb4 15.g4
Nxb2 16.g5 Rxc3 17.Rxc3 Qxc3 18.gxf6 Nxd3 19.Nxd7 Rc8 20.Qg4 g6 21.Qg5 Ne1
22.f5 Qd2 23.fxe6 Qd1 24.exf7+ Kxf7 25.Qxd5+ 1-0

[Event "25th ECh U20"]
[Site "Tallinn EST"]
[Date "1997.09.14"]
[Round "5"]
[White "Banikas, Hristos"]
[Black "Rowson, Jonathan"]
[Result "1/2-1/2"]
[WhiteElo "2450"]
[BlackElo "2490"]
[EventDate "1997.09.10"]
[PlyCount "72"]

1.d4 Nf6 2.c4 g6 3.Nc3 d5 4.cxd5 Nxd5 5.e4 Nxc3 6.bxc3 Bg7 7.Be3 c5 8.Qd2 
O-O 9.Nf3 Qa5 10.Rc1 Nd7 11.Bd3 Nb6 12.Bh6 Rd8 13.Bxg7 Kxg7 14.d5 f6 15.c4
Qxd2+ 16.Nxd2 Bd7 17.f4 e5 18.g3 Nc8 19.O-O Nd6 20.Rc2 Re8 21.Kg2 Rac8 22.
Rb2 b5 23.Rc1 a6 24.Rbc2 b4 25.a3 bxa3 26.Rc3 a5 27.Rxa3 a4 28.Bc2 Rb8 29.
Rca1 Rb2 30.R1a2 Reb8 31.Kf3 Rxa2 32.Rxa2 Rb4 33.Bd3 g5 34.f5 Kf8 35.Ke3 
Ke7 36.Be2 Kd8 1/2-1/2

[Event "25th ECh U20"]
[Site "Tallinn EST"]
[Date "1997.09.14"]
[Round "5"]
[White "Agopov, Mikael"]
[Black "Belozerov, Andrei"]
[Result "1/2-1/2"]
[WhiteElo "2300"]
[BlackElo "2450"]
[EventDate "1997.09.10"]
[PlyCount "66"]

1.e4 e5 2.Nf3 Nc6 3.Bb5 a6 4.Bxc6 dxc6 5.O-O f6 6.d4 exd4 7.Nxd4 c5 8.Nb3 
Qxd1 9.Rxd1 Be6 10.Bf4 c4 11.Nd4 O-O-O 12.Nc3 Bf7 13.Nf5 Re8 14.Ne3 Ne7 
15.Bg3 h5 16.h4 g5 17.Kf1 Bg7 18.Ncd5 Nxd5 19.exd5 gxh4 20.Bh2 f5 21.d6 
cxd6 22.Nxf5 Bf8 23.Nxd6+ Bxd6 24.Rxd6 Be6 25.Re1 Bf5 26.Be5 h3 27.gxh3 
Bxh3+ 28.Kg1 Rhg8+ 29.Kh2 Bd7 30.Rd4 Bc6 31.Rxc4 Rg2+ 32.Kh3 Rxf2 33.Bg3 
Rxe1 1/2-1/2

[Event "25th ECh U20"]
[Site "Tallinn EST"]
[Date "1997.09.14"]
[Round "5"]
[White "Andrade, Jose Veira"]
[Black "Stocek, Jiri"]
[Result "0-1"]
[WhiteElo "2100"]
[BlackElo "2470"]
[EventDate "1997.09.10"]
[PlyCount "42"]

1.c4 Nf6 2.Nc3 g6 3.g3 Bg7 4.Bg2 O-O 5.Rb1 c6 6.e4 d5 7.cxd5 cxd5 8.e5 Ne4
9.d4 Nc6 10.f3 Nxc3 11.bxc3 Qa5 12.Qd2 Bf5 13.Rb3 f6 14.exf6 Rxf6 15.Ne2 
e5 16.g4 Bd7 17.Rxb7 Bc8 18.Rb2 Ba6 19.O-O Re8 20.Rd1 Rfe6 21.dxe5 Nxe5 
0-1

[Event "25th ECh U20"]
[Site "Tallinn EST"]
[Date "1997.09.14"]
[Round "5"]
[White "Johansen, Terje"]
[Black "Janssen, Ruud"]
[Result "1-0"]
[WhiteElo "2210"]
[BlackElo "2330"]
[EventDate "1997.09.10"]
[PlyCount "83"]

1.d4 Nf6 2.c4 e6 3.Nc3 Bb4 4.Qc2 c5 5.dxc5 O-O 6.Nf3 Na6 7.a3 Bxc3+ 8.Qxc3
Nxc5 9.e3 b6 10.Be2 Nce4 11.Qd4 Ba6 12.Nd2 d5 13.Nxe4 Nxe4 14.b4 Qg5 15.
O-O Rac8 16.b5 Bb7 17.cxd5 Bxd5 18.f3 Nc3 19.Bd3 e5 20.Qb4 e4 21.fxe4 Nxe4
22.Bxe4 Rc4 23.h4 Qg4 24.Qxf8+ Kxf8 25.Bxd5 Rc5 26.Bf3 Qxh4 27.a4 g5 28.
Ba3 g4 29.Bxc5+ bxc5 30.Bd5 g3 31.Rxf7+ Ke8 32.Rd1 Qh5 33.Rd2 Qe5 34.Rf3 
Qa1+ 35.Rf1 Qc3 36.Bc6+ Ke7 37.Rd7+ Ke6 38.Rxh7 Qxe3+ 39.Kh1 Qe2 40.Rg1 c4
41.Bd7+ Kd6 42.Bh3 1-0

[Event "25th ECh U20"]
[Site "Tallinn EST"]
[Date "1997.09.14"]
[Round "5"]
[White "Marzolo, Cyril"]
[Black "Menkinovski, Riste"]
[Result "1-0"]
[WhiteElo "2320"]
[BlackElo "2195"]
[EventDate "1997.09.10"]
[PlyCount "49"]

1.d4 d6 2.e4 g6 3.c4 Bg7 4.Nc3 c5 5.d5 Nf6 6.f3 O-O 7.Bg5 h6 8.Be3 Na6 9.
Qd2 Kh7 10.Nge2 Nc7 11.g4 Nd7 12.Ng3 Ne5 13.Be2 b5 14.cxb5 a6 15.f4 Nd7 
16.h4 Nxb5 17.h5 Nd4 18.hxg6+ fxg6 19.e5 Nb6 20.O-O-O Nxe2+ 21.Qxe2 Kg8 
22.f5 g5 23.f6 exf6 24.e6 Qe8 25.Nf5 1-0

[Event "25th ECh U20"]
[Site "Tallinn EST"]
[Date "1997.09.14"]
[Round "5"]
[White "Williams, Simon"]
[Black "Ooms, Andy"]
[Result "1-0"]
[WhiteElo "2310"]
[BlackElo "2170"]
[EventDate "1997.09.10"]
[PlyCount "89"]

1.c4 Nf6 2.Nc3 c5 3.e4 Nc6 4.g3 d6 5.Bg2 g6 6.Nge2 Bg4 7.h3 Be6 8.d3 Qc8 
9.Bg5 Bg7 10.Nd5 Nd7 11.Rb1 Rb8 12.O-O h6 13.Be3 O-O 14.Qd2 Kh7 15.Ndf4 b5
16.Nxe6 fxe6 17.f4 e5 18.f5 g5 19.Nc3 b4 20.Nd5 Nf6 21.Bf3 Rg8 22.Kh2 Nxd5
23.exd5 Nd8 24.f6 exf6 25.Be4+ Kh8 26.Qe2 Rf8 27.Bf5 Qc7 28.Qh5 Qf7 29.Bg6
Qe7 30.Rf2 Kg8 31.Rbf1 Nf7 32.Bf5 Nh8 33.h4 Qe8 34.Qg4 Ng6 35.hxg5 fxg5 
36.Be6+ Kh7 37.Bf7 Rxf7 38.Rxf7 Qc8 39.Qe4 Qd8 40.Rxa7 Ra8 41.Rb7 Rb8 42.
Rbf7 Ra8 43.Qf5 Rxa2 44.Bc1 Ra1 45.Rxg7+ 1-0

[Event "25th ECh U20"]
[Site "Tallinn EST"]
[Date "1997.09.14"]
[Round "5"]
[White "Zhitin, Juri"]
[Black "Shishkov, Andrei"]
[Result "0-1"]
[WhiteElo "2215"]
[BlackElo "2230"]
[EventDate "1997.09.10"]
[PlyCount "104"]

1.Nf3 Nf6 2.c4 e6 3.b3 b6 4.g3 Bb7 5.Bg2 Be7 6.O-O O-O 7.Bb2 d5 8.d4 dxc4 
9.bxc4 c5 10.e3 Nbd7 11.Nbd2 Rc8 12.Qa4 Qc7 13.Rfd1 Rfd8 14.Rac1 Bc6 15.
Qc2 Qb7 16.Re1 cxd4 17.exd4 Bb4 18.Re3 h6 19.a3 Bxd2 20.Qxd2 Rc7 21.h3 
Rdc8 22.Qb4 Qa6 23.Kh2 Bxf3 24.Bxf3 Rxc4 25.Rxc4 Qxc4 26.Qe7 Qb5 27.Re2 
Nd5 28.Qh4 N7f6 29.g4 Qd3 30.Qg3 Rc2 31.Rxc2 Qxc2 32.Ba1 Qc1 33.Qg1 Qxa3 
34.Qd1 b5 35.h4 Qd6+ 36.Kg2 Nf4+ 37.Kg1 N6d5 38.Bb2 a5 39.Qc2 Qc7 40.Qc5 
Qxc5 41.dxc5 Kf8 42.c6 f6 43.Bd4 Ke8 44.Bc5 b4 45.Bd1 Nc3 46.Bc2 Nfd5 47.
Bd6 a4 48.Bg6+ Kd8 49.c7+ Nxc7 50.Bxb4 N7b5 51.Bf7 Kd7 52.f4 Ne2+ 0-1

[Event "25th ECh U20"]
[Site "Tallinn EST"]
[Date "1997.09.14"]
[Round "5"]
[White "Zaveckis, Laurynas"]
[Black "Jakupovic, Neven"]
[Result "1/2-1/2"]
[WhiteElo "2235"]
[BlackElo "2090"]
[EventDate "1997.09.10"]
[PlyCount "112"]

1.e4 c6 2.d4 d5 3.exd5 cxd5 4.c4 Nf6 5.Nc3 Nc6 6.Nf3 g6 7.cxd5 Nxd5 8.Bc4 
Nxc3 9.Qb3 Nd5 10.Bxd5 e6 11.Bxc6+ bxc6 12.O-O Qd5 13.Qxd5 cxd5 14.Bf4 Be7
15.Rfc1 O-O 16.Rc6 Bd8 17.Rac1 Bd7 18.R6c2 f6 19.Bd6 Re8 20.b3 Kf7 21.Ne1 
Bb6 22.Bc5 Rec8 23.f4 Bxc5 24.Rxc5 Rxc5 25.Rxc5 a5 26.Nd3 Ke7 27.Rc7 Kd6 
28.Rb7 a4 29.Nc5 Bc6 30.Rf7 axb3 31.axb3 Ra1+ 32.Kf2 Rc1 33.Rxh7 Rc2+ 34.
Kf3 Rd2 35.Nb7+ Bxb7 36.Rxb7 Rxd4 37.Rb6+ Kd7 38.Rb7+ Kd6 39.Rg7 g5 40.
fxg5 fxg5 41.Rxg5 Rb4 42.Ke2 Rxb3 43.h4 Rb8 44.h5 e5 45.h6 e4 46.h7 Rh8 
47.Rh5 Ke6 48.Ke3 Kf6 49.Kf4 Kg6 50.Rxd5 Rxh7 51.Rd6+ Kh5 52.g4+ Kh4 53.g5
Kh5 54.Kf5 Rh8 55.Kf6 Rg8 56.Rd5 Rg6+ 1/2-1/2

[Event "25th ECh U20"]
[Site "Tallinn EST"]
[Date "1997.09.14"]
[Round "5"]
[White "Meyer, Harvey"]
[Black "Rylander, Dennis"]
[Result "1/2-1/2"]
[WhiteElo "2160"]
[BlackElo "2100"]
[EventDate "1997.09.10"]
[PlyCount "90"]

1.d4 d5 2.c4 c6 3.Nf3 Nf6 4.Qb3 dxc4 5.Qxc4 Bf5 6.g3 e6 7.Bg2 Nbd7 8.O-O 
Be7 9.Bg5 O-O 10.Nbd2 h6 11.Bxf6 Nxf6 12.Ne5 Nd7 13.Nxd7 Qxd7 14.e4 Bh7 
15.Nb3 Rac8 16.Rfd1 Rfd8 17.Bf3 Bg6 18.h4 Qc7 19.Rac1 Qb6 20.d5 exd5 21.
exd5 c5 22.Bg4 Rc7 23.Re1 Qd6 24.Nd4 a6 25.Ne6 fxe6 26.Rxe6 Qxd5 27.Qxd5 
Rxd5 28.Rxg6 Kf7 29.Be6+ Kxg6 30.Bxd5 Bf6 31.b4 b6 32.bxc5 Rxc5 33.Rxc5 
bxc5 34.Be4+ Kf7 35.Kf1 Ke6 36.Ke2 Bd4 37.f4 c4 38.Bb7 a5 39.g4 Kd6 40.h5 
Kc5 41.Kd2 Bf6 42.Bc8 Kd4 43.Be6 c3+ 44.Kc2 Ke3 45.Bf5 Kxf4 1/2-1/2

[Event "25th ECh U20"]
[Site "Tallinn EST"]
[Date "1997.09.15"]
[Round "6"]
[White "Ruck, Robert"]
[Black "Banikas, Hristos"]
[Result "1/2-1/2"]
[WhiteElo "2465"]
[BlackElo "2450"]
[EventDate "1997.09.10"]
[PlyCount "35"]

1.d4 Nf6 2.c4 g6 3.g3 Bg7 4.Bg2 O-O 5.Nf3 d6 6.Nc3 Nc6 7.O-O Bf5 8.b3 Ne4 
9.Bb2 Nxc3 10.Bxc3 Be4 11.e3 d5 12.Bh3 e5 13.cxd5 exd4 14.Nxd4 Nxd4 15.
Bxd4 Qxd5 16.Bxg7 Kxg7 17.Qxd5 Bxd5 18.Bg2 1/2-1/2

[Event "25th ECh U20"]
[Site "Tallinn EST"]
[Date "1997.09.15"]
[Round "6"]
[White "Belozerov, Andrei"]
[Black "Rabinovich, Alexander"]
[Result "1/2-1/2"]
[WhiteElo "2450"]
[BlackElo "2415"]
[EventDate "1997.09.10"]
[PlyCount "45"]

1.e4 c5 2.Nf3 d6 3.d4 cxd4 4.Nxd4 Nf6 5.Nc3 a6 6.Bg5 e6 7.f4 Nc6 8.Nxc6 
bxc6 9.e5 h6 10.Bh4 g5 11.Bf2 Nd5 12.Ne4 gxf4 13.exd6 Bg7 14.d7+ Bxd7 15.
Bc5 Bf8 16.Qd4 Rg8 17.O-O-O Bxc5 18.Nxc5 Qf6 19.Qd2 Bc8 20.c4 Ne3 21.Ne4 
Qe7 22.Re1 Kf8 23.g3 1/2-1/2

[Event "25th ECh U20"]
[Site "Tallinn EST"]
[Date "1997.09.15"]
[Round "6"]
[White "Rowson, Jonathan"]
[Black "Bakhtadze, Giorgi"]
[Result "1-0"]
[WhiteElo "2490"]
[BlackElo "2365"]
[EventDate "1997.09.10"]
[PlyCount "101"]

1.e4 c5 2.Nf3 e6 3.d4 cxd4 4.Nxd4 a6 5.Bd3 g6 6.c4 Bg7 7.Nb3 d6 8.Nc3 Nf6 
9.Bf4 O-O 10.Be2 e5 11.Bg5 h6 12.Be3 Kh7 13.O-O Nc6 14.Rc1 Be6 15.Rc2 Qe7 
16.Rd2 Rfd8 17.Bb6 Rdc8 18.Re1 Nd7 19.Be3 Nc5 20.Nxc5 dxc5 21.Na4 Nd4 22.
Nb6 f5 23.Bxd4 cxd4 24.Nxa8 Rxa8 25.Bf1 Rc8 26.a3 f4 27.Qa4 f3 28.g3 h5 
29.Qd1 Rf8 30.Rd3 h4 31.Rb3 hxg3 32.hxg3 Qg5 33.Rxf3 Bg4 34.Be2 Bxf3 35.
Bxf3 Qf6 36.Kg2 a5 37.b4 axb4 38.axb4 Ra8 39.Qb3 Bf8 40.c5 Kg7 41.Qd5 Qe7 
42.Bd1 Rd8 43.Qc4 Qf7 44.Qd3 Be7 45.Bb3 Qf6 46.Rf1 g5 47.Bd5 Rh8 48.Qd1 b6
49.c6 Bxb4 50.Qg4 Bd6 51.c7 1-0

[Event "25th ECh U20"]
[Site "Tallinn EST"]
[Date "1997.09.15"]
[Round "6"]
[White "Tyomkin, Dimitri"]
[Black "Belichev, Nikolai"]
[Result "1/2-1/2"]
[WhiteElo "2390"]
[BlackElo "2345"]
[EventDate "1997.09.10"]
[PlyCount "37"]

1.d4 Nf6 2.Nf3 e6 3.Bg5 h6 4.Bh4 c5 5.e3 b6 6.Bd3 Bb7 7.O-O Be7 8.Nbd2 O-O
9.c3 cxd4 10.exd4 d6 11.Re1 Nbd7 12.a4 a6 13.Nc4 Re8 14.Bg3 Qc7 15.h3 Nd5 
16.Qe2 N7f6 17.Nfd2 b5 18.Ne3 b4 19.c4 1/2-1/2

[Event "25th ECh U20"]
[Site "Tallinn EST"]
[Date "1997.09.15"]
[Round "6"]
[White "Balogh, Peter"]
[Black "Hnydiuk, Aleksander"]
[Result "1/2-1/2"]
[WhiteElo "2285"]
[BlackElo "2375"]
[EventDate "1997.09.10"]
[PlyCount "61"]

1.d4 f5 2.c4 Nf6 3.g3 g6 4.Bg2 Bg7 5.Nh3 O-O 6.Nc3 d6 7.d5 c6 8.Nf4 e5 9.
dxe6 Na6 10.O-O Nc5 11.h4 Nxe6 12.Nxe6 Bxe6 13.Bf4 Bxc4 14.Bxd6 Re8 15.Qd2
Nd5 16.Bxd5+ cxd5 17.b3 Qxd6 18.bxc4 Bxc3 19.Qxc3 Qc6 20.Qf3 Qxc4 21.Rfc1 
Qe4 22.Qxe4 Rxe4 23.Rc7 Rxe2 24.Rxb7 Rd8 25.Rc1 d4 26.Rcc7 a5 27.Rg7+ Kh8 
28.Rxh7+ Kg8 29.Rhg7+ Kf8 30.Rxg6 Rd5 31.Rgg7 1/2-1/2

[Event "25th ECh U20"]
[Site "Tallinn EST"]
[Date "1997.09.15"]
[Round "6"]
[White "Kelly, Brian"]
[Black "Zaveckis, Laurynas"]
[Result "1-0"]
[WhiteElo "2390"]
[BlackElo "2235"]
[EventDate "1997.09.10"]
[PlyCount "100"]

1.d4 Nf6 2.c4 c5 3.d5 b5 4.cxb5 a6 5.bxa6 Bxa6 6.Nc3 g6 7.e4 Bxf1 8.Kxf1 
d6 9.g3 Bg7 10.Kg2 O-O 11.Nf3 Nbd7 12.Re1 Qb6 13.Qc2 Ng4 14.Bg5 h6 15.Bf4 
Rfb8 16.Rab1 Qa5 17.Re2 Nge5 18.Nxe5 Nxe5 19.b3 Rb7 20.a4 c4 21.bxc4 Rxb1 
22.Nxb1 Qxa4 23.Bxe5 Bxe5 24.Qxa4 Rxa4 25.Rc2 f5 26.exf5 gxf5 27.Nd2 Kf7 
28.Nf3 Bf6 29.Ne1 Ra3 30.Nf3 Rc3 31.Rxc3 Bxc3 32.Kf1 e6 33.dxe6+ Kxe6 34.
Ke2 Ba5 35.Nd4+ Kf6 36.Kd3 Bb6 37.h3 h5 38.f3 Bc5 39.Ne2 Bf2 40.Kc3 Ke5 
41.Kd3 Kf6 42.Kc3 Ke5 43.Kb4 h4 44.gxh4 Bxh4 45.Kb5 Be1 46.Kc6 Bf2 47.f4+ 
Ke6 48.h4 Bxh4 49.Nd4+ Kf6 50.Kxd6 Bf2 1-0